El duelo de los ángeles: locura sublime, tedio y melancolía en el pensamiento moderno

Uloženo v:
Podrobná bibliografie
Hlavní autor: Bartra, Roger (Autor)
Médium: Kniha
Jazyk:španělština
Vydáno: Bogotá Fondo de Cultura Económica 2005
Vydání:2a. ed
Edice:Sección de Obras de Filosofía
Témata:
Tagy: Přidat tag
Žádné tagy, Buďte první, kdo vytvoří štítek k tomuto záznamu!

MARC

LEADER 00000cam a2200000 a 4500
001 UCF1545
003 CL-VaPUC
008 120711e20050000CK |||||||||||||||||spa|d
020 |a 9583801135 
082 0 4 |a 190  |b BAR  |2 21 
100 0 |a Bartra, Roger  |e author  |9 563040 
245 1 3 |a El duelo de los ángeles: locura sublime, tedio y melancolía en el pensamiento moderno 
250 |a 2a. ed 
300 |a 167 p 
942 |c BK 
945 |d 20120711 00:00:00  |a cmena 
260 |a Bogotá  |b Fondo de Cultura Económica  |c 2005 
650 0 |a Filosofía moderna  |9 258121 
650 0 |a Escuelas filosóficas   |9 266232 
650 0 |a Teoría del conocimiento   |9 255038 
650 0 |a Naturaleza humana   |9 308593 
583 |a last modification  |c 20120711 16:46:00  |k Rodrigo Vera 
490 0 |a Sección de Obras de Filosofía 
999 |c 348272  |d 348270 
952 |0 0  |1 0  |4 0  |6 190_000000000000000_BAR_2005  |7 0  |8 A  |9 450232  |a BIBART  |b BIBART  |d 2019-11-22  |i 4882407  |o 190 BAR 2005  |p 4882407  |r 2025-03-13  |w 2019-11-22  |y BK  |k ART